Pensamiento Politico y Social Antologa̕ (1913-1936)

Detalles Bibliográficos
Formato: eBook
Lenguaje:español
Publicado: Ciudad de Mx̌ico: Cm̀ara de Diputados, 2010
Edición:Tercera edicin̤
Materias:
Acceso en línea:Acceso restringido

MARC

LEADER 00000nam a22000007a 4500
005 20171212175438.0
007 cr|||| ||||
008 171212s2010 mx |||||s|||| 00||0 spa d
020 |a 968-16-3017-3 
035 |a 20889 
040 |a vLex 
090 |c 7305  |d 7305 
245 0 0 |a Pensamiento Politico y Social  |h [Recurso electrn̤ico]:  |b Antologa̕ (1913-1936) 
250 |a Tercera edicin̤ 
256 |a Servicio en ln̕ea 
260 |a Ciudad de Mx̌ico:  |b Cm̀ara de Diputados,  |c 2010 
300 |a 1 recurso electrn̤ico (365p.) 
506 1 |a Disponible solo en los productos indicados  |d vLex Global  |d vLex Global (Academic Edition, excluding Law Schools)  |d vLex Global (U.S. Academic Edition, Law Schools)  |d vLex Global (U.S. Academic Edition, excluding Law Schools)  |d vLex Global (Academic Edition, Law Schools) 
650 0 4 |a Ciencias sociales  |z Mx̌ico 
740 0 |a vLex Libros (Servicio en ln̕ea) 
856 4 0 |u http://vlex.com/source/pensamiento-politico-social-antologia-1913-1936-20889/  |z Acceso restringido 
942 |c BOOK 
999 0 |a Social science